000 00597nam a2200229Ia 4500
003 OSt
005 20220924145934.0
006 a|||||r|||| 00| 0
007 ta
008 220923b |||||||| |||| 00| 0 tel d
024 _a331022
037 _cTextual
040 _aARTS
_cARTS
_btel
041 _2tel
_atel
082 _aO31,1M82x, 35M4
100 _aKrishna Sarma Challa Au.
_9220917
245 0 _aTamila sahithyam
260 _c1984
650 _aTAMIL LITERATURE
942 _hO31,1M82x, 35M4
_cTEXL
_2CC
999 _c461711
_d461711